| 000 | 00583nam a2200181Ia 4500 | ||
|---|---|---|---|
| 008 | 130821s1969 mx gr spa | ||
| 040 |
_aCo-BoUCM _bspa |
||
| 041 | _aspa | ||
| 100 |
_aPina, Francisco _9155837 |
||
| 245 | 3 |
_aEl Valle Incl n que yo conocí y otros ensayos _cFrancisco Pina |
|
| 260 |
_aMéxico D.F. (México) _bUNAM _c1969 |
||
| 300 | _a261 páginas | ||
| 490 | _aColección poemas y ensayos | ||
| 600 |
_aValle-Inclán, Ramón del _9881 |
||
| 650 | 0 | 4 |
_aLiteratura española _97793 |
| 942 |
_cLIBRO _a18 _e1 _mP45 _2DEWEY _h860 |
||
| 999 |
_c12519 _d12519 |
||